| 000 | 01488 a2200241 4500 | ||
|---|---|---|---|
| 001 | 14631 | ||
| 005 | 20260407155448.0 | ||
| 008 | 260407a2011 arg spa d | ||
| 003 | AR-UNSa-BCEJYS | ||
| 040 |
_aAR-UNSa-BCEJYS _bspa _cAR-UNSa-BCEJYS |
||
| 080 |
_a336.76 _xBolsa. Mercado del dinero. Mercado del capital |
||
| 245 | 1 | 0 |
_aMercado de capitales _pmanual para no especialistas |
| 020 | _a978-950-9445-82-6 | ||
| 250 | _a3a. ed. | ||
| 264 | 1 |
_aBuenos Aires : _bTemas Grupo Editorial _c2011 |
|
| 300 |
_axii, 261 p. _c23 cm. |
||
| 505 | _a1. La economía real y el mercado de capitales - 2. Comenzar a invertir - 3. Instituciones del mercado de capitales argentino - 4. Participantes complementarios del mercado de capitales argentino - 5. Valores negociables I. Primeros conceptos - 6. Valores negociables II. Principales características - 7. Las operaciones bursátiles - 8. El financiamiento empresario a través del mercado de capitales - 9. Indices del mercado de acciones - 10. Principales bolsas y mercados internacionales - 11. Instituciones de los mercados internacionales - 12. Análisis de acciones - 13. Análisis de bonos - 14. Los indicadores económicos y el mercado de capitales - 15. Derivados financieros | ||
| 942 | _cBK | ||
| 590 | _aniveau_biblio:m niveau_hierar:0 | ||
| 100 | 1 | _aFanelli, José María | |
| 700 | 1 | _aErpen, Mónica | |
| 856 | 4 | 1 |
_uhttps://biblioeco.unsa.edu.ar/pmb/images/libros/Mercado de capitales-l118943.jpg _yImagen de portada _qimage/jpeg |
| 999 |
_c588 _d588 |
||